000 00538nam a2200217Ia 4500
005 20250508164606.0
008 008 250505s9999 xx 000 0 hin d
037 _aTextual
040 _aFEDL
_beng
_cFEDL
041 _ahin
_2eng
084 _a300.7, EKL
_qFEDL
100 _aEklavya
_9560472
245 0 _aSamajik addhyan shikshan: ek prayog
245 0 _cEKLAVYA
260 _c1994
300 _a46p.
365 _aINR
_b5
546 _aMACESE books
942 _cTEXL
_h300.7, EKL
999 _c1390006
_d1390006